| 000 | 00708cab a22001935a 4500 | ||
|---|---|---|---|
| 001 | L139282 | ||
| 008 | 070724e20070719xxkoe f 000 0 eng d | ||
| 035 | _a(Sirsi) u139282 | ||
| 041 | 0 | _aeng | |
| 100 | 1 | _aPowell, Kenneth | |
| 245 | 0 | 0 |
_aBuilding study _bGrimshaw/UCL Cancer Institute |
| 260 | _c2007 | ||
| 490 | 0 |
_aArchitects' Journal _v19 July 2007, 24-35(12) |
|
| 520 | _aReports on the architecture, design and costing of the UCL Cancer Institute, London. Contains building costs, layout plans, working details and project credits. The total cost (based on tender sum) was £19 673 616. | ||
| 590 | _aKA | ||
| 651 | 4 |
_aUnited Kingdom _y |
|
| 690 | _aBUILT ENVIRONMENT-BUILDING COSTS | ||
| 942 | _n0 | ||
| 999 |
_c79038 _d79038 |
||